000 00874cab a2200277 4500
001 ABS56797
008 090401t1997 xxu||||| |||| 00| 0 eng d
035 _a(Sirsi) u78070
041 _aeng
100 _aAnumba, C. J.
245 _aConcurrent engineering in design-build projects
260 _c1997
350 _a0
490 _aConstruction Management & Economics
_v(1997) 15(3) 271-281(11)
520 _aOutlines the advantages and disadvantages of the design and build procurement route. Proposes a new model to address the current disadvantages.
650 _aCONCURRENT ENGINEERING
650 _aCONSTRUCTION INDUSTRY
650 _aCONSTRUCTION PROCUREMENT
650 _aD&B
650 _aDESIGN AND BUILD
650 _aPROCUREMENT METHODS
690 _aBUILT ENVIRONMENT
700 _aEvbuomwan, Nosa F.O.
942 _n0
948 _c30/04/1997
999 _c49119
_d49119